000 00864nam a22002537a 4500
999 _c14529
_d14529
003 MIRAKIL
005 20210930132957.0
008 210930b tu ||||| |||| 00| 0 tur d
040 _aTR-AnCHP
_btur
_cTR-AnCHP
041 _atur
082 _a909.9
_bT25y 1989
100 _aTanilli, Server
245 _aYüzyılların gerçeği ve mirası:
_bİnsanlık tarihine giriş IV;
_bXVIII Yüzyıl/
_cServer Tanilli.
246 _aİnsanlık tarihine giriş IV
246 _aXVIII Yüzyıl
260 _aİstanbul:
_bSay Kitap,
_c1989.
300 _ac.ıV, 623 s.:
_bfotg.;
_c21 sm.
504 _aKaynakça vardır.
650 0 _aDünya tarihi
_yXVIII Yüzyıllar
_96756
740 _aİnsanlık tarihine giriş IV
740 _aXVIII Yüzyıllar
856 _zDijital Nüshası için Partimizin Kütüphane Sorumlusu ile iletişime geçiniz.
942 _2ddc
_cBKS